000 00532nam a2200193Ia 4500
001 21553
003 GE_BSU
008 181216s||||||||xx |||||||||||||| ||und||
040 _cGE_BSU
080 _aპერიოდიკა
245 4 _aThe Economist, October 28th-November 3RD. №9064. 2017
260 _aParis
260 _c2017
300 _a84 p. 27cm. ill.
653 _aThe Economist, October 28th-November 3RD. №9064. 2017
653 _aПериодика
653 _aპერიოდიკა
942 _cCR
999 _c54490
_d54490